| 000 | 00786nam0a22002291 4500 | ||
|---|---|---|---|
| 001 | rc\2379490 | ||
| 005 | 20250623005734.0 | ||
| 035 | _a(NLR Aleph) 006501201 | ||
| 090 |
_a6233183 _c6233183 |
||
| 100 | _a20110829d1979 |||y0rusy50 ca | ||
| 101 | 0 | _arus | |
| 102 | _aRU | ||
| 105 | _aa z ||||| | ||
| 200 | 1 |
_aРекомендации в помощь руководителям школьных ... _f[Сост.: Акинтьева А.И., лесничий Безукладов С.С. ... А.В. и др.] |
|
| 210 |
_aБ. м. _cВолгогр. Упрполиграфиздат _d1979 |
||
| 215 |
_a51 с. _cцв. ил. _d20 |
||
| 320 | _aБиблиогр.: с. 19-30 | ||
| 801 | 0 |
_aRU _bNLR _gpsbo |
|
| 801 | 1 |
_aRU _bELAR _2rusmarc |
|
| 852 |
_aNLR _j79-4/25065 |
||
| 942 | _cBOOK | ||
| 980 | _aNB | ||